LEADER 01239nam a2200277 u 4500 001 000000119430 003 CaOOAMICUS 005 20100122103937.0 008 100122s2010 vc u000 u ita r 020 $a978-88-465-0691-7 040 $aPUL$bita$dReb 245 02$aL'involucro della contemporaneitą :$bun discorso sui media /$cMassimiliano Padula (ed.) 260 $aCittą del Vaticano :$bLateran University Press,$c©2010. 300 $a204 p. ;$c19 cm. 490 1 $aStrumenti ;$v08 504 $aBibliografia p. 182-184. 650 4$aMass media e religione.$0(OLS)http://pul/subject/19308 700 1 $aPadula, Massimiliano,$d1978-$0(OLS)http://pul/name/74649 830 0$aStrumenti (Lateran University Press) ;$v08.$0(OLS)http://pul/title/139772 850 $aPUL 852 $aPUL$W1$xSL Religione 3$y85$m261. 05 COLL 1.8$j137029$qDDC 21$B136082$CPULBib$Z2$F136082 $H112436 $82 941 1 $a9 983 0$aStrumenti (LUP) 996 $6020$a978-88-465-0691-7$9(OLS)http://pul/number/143069 996 $6245$aL'involucro della contemporaneitą :$bun discorso sui media$9(OLS)http://pul/title/150263 996 $6260$aCittą del Vaticano :$bLateran University Press$9(OLS)http://pul/publisher/74585 LEADER 01640nam a2200349 a 4500 001 000000171671 003 CaOOAMICUS 005 20190325133904.0 008 190325s2019 it u000 u ita r 020 $a978-88-3282-412-4* 032 $aLibriCat 040 $aPUL$bita 041 1 $aita$hger 100 1 $aHabermas, Jürgen,$d1929-$0(OLS)http://pul/name/516 240 10$aDemokratie oder kapitalismus?$lItaliano.$0(OLS)http://pul/title/212495 245 10$aDemocrazia o capitalismo? :$bgli stati-nazione nel capitalismo globalizzato / $cJürgen Habermas ; prefazione di Giorgio Fazio ; traduzione di Matteo Anastasio. 260 $aRoma :$bCastelvecchi,$c2019. 300 $a44 p. ;$c18 cm. 490 1 $aIrruzioni 610 14$aUnione europea$xPolitica economica.$0(OLS)http://pul/subject/28013 650 4$aCapitalismo$zEuropa$ysec. XXI.$0(OLS)http://pul/subject/45895 650 4$aDemocrazia$zEuropa$ysec. XXI.$0(OLS)http://pul/subject/45894 700 1 $aFazio, Giorgio.$0(OLS)http://pul/name/110232 700 1 $aAnastasio, Matteo.$0(OLS)http://pul/name/110233 830 0$aIrruzioni (Castelvecchi).$0(OLS)http://pul/title/212494 850 $aPUL 852 $aPUL$W1$xSL Diritto e Scienze Sociali 3$y79$m341. 2 HABJU 2$j195467$qDDC 21$B200329$CPULBib$Z2$F200329 $H132451 $82 941 1 $a9 996 $6020$a978-88-3282-412-4*$9(OLS)http://pul/number/165892 996 $6245$aDemocrazia o capitalismo? :$bgli stati-nazione nel capitalismo globalizzato / $9(OLS)http://pul/title/212496 996 $6260$aRoma :$bCastelvecchi$9(OLS)http://pul/publisher/80087